000 00938nmm a2200313 a 4500
003 AR-BaBNM
005 20251128203216.0
008 197019s1943 ||||||||||||||000 | spa||
040 _cAR-BaBNM
100 1 _aCastro, Antonio P.
245 1 0 _aVida y obra de Urquiza
_bsíntesis cronológica
250 _a1ª ed.
260 _aBuenos Aires
_bComisión Nacional de Homenaje al Capitán General Justo J.de Urquiza
_c1943
300 0 _a80 p.
600 1 4 _aUrquiza, Justo José de
_d1801-1870
650 4 _aPERIODO INDEPENDIENTE
650 4 _aCAUDILLOS ARGENTINOS
650 4 _aORGANIZACION NACIONAL
650 4 _aCONFEDERACION ARGENTINA
650 4 _aCONGRESO CONSTITUYENTE DE 1853
650 4 _aPRONUNCIAMIENTO DE URQUIZA
650 4 _aBATALLA DE CASEROS
650 4 _aHISTORIA POLITICA ARGENTINA
650 4 _aBIOGRAFIAS
650 4 _aASESINATO DE URQUIZA
655 _aBIOGRAFIAS
942 _cBK
998 _cmariana
999 _c2402
_d2402